[Event "Mercredi 2014.02.19"]
[Site "Montreal CAN"]
[Date "2014.03.19"]
[Round "5"]
[White "Lamoureux, Yvon"]
[Black "Abdelaal, Ibrahim"]
[Result "0-1"]
[WhiteElo "1609"]
[BlackElo "1660"]
[PlyCount "74"]
[EventDate "2014.02.19"]
[EventType "tourn"]
[EventRounds "5"]
[EventCountry "CAN"]

1. e4 c5 2. Nf3 e6 3. d4 cxd4 4. Nxd4 a6 5. g3 Nf6 6. Bg2 d6 7. O-O Be7 8. c4
Nbd7 9. Nc3 Qc7 10. Qe2 O-O 11. Nc2 Ne5 12. Ne3 Bd7 13. f4 Ng6 14. h4 Rfd8 15.
h5 Nf8 16. g4 Bc6 17. g5 N6d7 18. Ng4 Rac8 19. f5 exf5 20. exf5 Re8 21. Nd5
Bxd5 22. Bxd5 Bxg5 23. Qg2 Bxc1 24. Raxc1 Ne5 25. f6 g6 26. hxg6 Nfxg6 27. Rf5
Nxg4 28. Qxg4 Re5 29. Rxe5 dxe5 30. b3 Kh8 31. Rc3 Rg8 32. Rg3 Qb6+ 33. Kh2
Qxf6 34. Bxb7 Ne7 35. Rf3 Qb6 36. Qe4 Qg1+ 37. Kh3 Qh1# 0-1

[Event "Mercredi 2014.02.19"]
[Site "Montreal CAN"]
[Date "2014.03.19"]
[Round "5"]
[White "Lopez Linares, Lizandro"]
[Black "Valle-Romo, Ricardo"]
[Result "1/2-1/2"]
[WhiteElo "2011"]
[BlackElo "2005"]
[PlyCount "150"]
[EventDate "2014.02.19"]
[EventType "tourn"]
[EventRounds "5"]
[EventCountry "CAN"]

1. d4 b5 2. e4 Bb7 3. Nd2 a6 4. Ngf3 e6 5. Bd3 c5 6. dxc5 Bxc5 7. Qe2 Ne7 8.
O-O Ng6 9. Nb3 Be7 10. a4 b4 11. a5 O-O 12. Be3 Nc6 13. Rfd1 d6 14. Bb6 Qb8 15.
Qe3 Bf6 16. Ra2 Qe8 17. Bf1 Qe7 18. Qd2 Nce5 19. Nxe5 Bxe5 20. f3 d5 21. Bc5
Qc7 22. g3 dxe4 23. Bxf8 Nxf8 24. f4 e3 25. Qe2 Bf6 26. Qc4 Qe7 27. Qc5 Bd5 28.
Qxe7 Bxe7 29. Raa1 Bf6 30. Nd4 g5 31. fxg5 Bxg5 32. Bg2 Rd8 33. Bxd5 exd5 34.
Kf1 Ne6 35. Ke2 Rc8 36. Rac1 Rc5 37. Nb3 Rb5 38. Rf1 Kg7 39. h4 Bf6 40. Kxe3
Bxb2 41. Rcd1 d4+ 42. Ke4 Nc5+ 43. Nxc5 Rxc5 44. Rf2 f6 45. g4 Bc3 46. Rdf1 d3
47. cxd3 Re5+ 48. Kf3 Rxa5 49. Ke4 Re5+ 50. Kf3 Bd4 51. Ra2 a5 52. Rb1 h5 53.
gxh5 Rxh5 54. Rg2+ Kf7 55. Rg4 Bc3 56. Rc4 a4 57. Rcxb4 Bxb4 58. Rxb4 Ra5 59.
Rb2 Kg6 60. Kf4 a3 61. Ra2 Ra4+ 62. Ke3 Kh5 63. d4 Kg4 64. d5 Kf5 65. h5 Ke5
66. h6 Rh4 67. Kf2 Rh2+ 68. Kg3 Rxa2 69. h7 Rg2+ 70. Kxg2 a2 71. h8=Q a1=Q 72.
d6 Qb2+ 73. Kf3 Qc3+ 74. Kf2 Qd2+ 75. Kf3 Qf4+ 1/2-1/2

[Event "Mercredi 2014.02.19"]
[Site "Montreal CAN"]
[Date "2014.03.19"]
[Round "5"]
[White "O'Connor, Michael"]
[Black "Khudaverdian, Berj"]
[Result "1-0"]
[WhiteElo "1753"]
[BlackElo "1720"]
[PlyCount "123"]
[EventDate "2014.02.19"]
[EventType "tourn"]
[EventRounds "5"]
[EventCountry "CAN"]

1. d4 Nf6 2. Nf3 d6 3. c4 g6 4. Nc3 Bg7 5. e4 O-O 6. Be2 e5 7. Be3 Na6 8. a3
Ng4 9. Bg5 Qe8 10. d5 f6 11. Bh4 f5 12. Nd2 Nf6 13. O-O h6 14. f3 g5 15. Bf2 f4
16. b4 b6 17. Rc1 Bb7 18. Nb3 Rd8 19. c5 Rf7 20. cxd6 cxd6 21. Nb5 Bf8 22. Nd2
Qd7 23. Rc3 Ne8 24. Qc2 Rc8 25. Rc1 Rxc3 26. Qxc3 Nb8 27. Nxa7 Ba6 28. Bxa6
Qxa7 29. Be2 Rc7 30. Qb2 Rg7 31. Rc3 Qb7 32. Qc1 Nf6 33. Nc4 Nbd7 34. Nb2 g4
35. Rc7 Qa8 36. Nc4 gxf3 37. Bxf3 b5 38. Nb6 Nxb6 39. Rxg7+ Bxg7 40. Bxb6 Qa6
41. Bf2 h5 42. h3 Qa4 43. Bd1 Qa8 44. Bf3 Qa4 45. Kh1 Qb3 46. Bh4 Qc4 47. Qxc4
bxc4 48. Bxf6 Bxf6 49. a4 c3 50. Bd1 Bd8 51. Kg1 Kg7 52. Kf2 Kg6 53. Kf3 Kg5
54. a5 Bc7 55. Ke2 f3+ 56. Kxf3 h4 57. Ke3 Bb8 58. Kd3 Kf4 59. Bf3 c2 60. Kxc2
Ke3 61. Kc3 Ba7 62. Kc4 1-0

[Event "Mercredi 2014.02.19"]
[Site "Montreal CAN"]
[Date "2014.03.19"]
[Round "5"]
[White "Ostaci, Liviu"]
[Black "Zumsteg, Nicolas"]
[Result "1-0"]
[WhiteElo "1601"]
[BlackElo "1674"]
[PlyCount "67"]
[EventDate "2014.02.19"]
[EventType "tourn"]
[EventRounds "5"]
[EventCountry "CAN"]

1. e4 c6 2. d4 d5 3. e5 Bf5 4. Nc3 e6 5. Nf3 Nd7 6. Bf4 c5 7. Ne2 Qb6 8. Rb1 h6
9. Ng3 Bh7 10. Bd3 Bxd3 11. Qxd3 cxd4 12. O-O g5 13. Bd2 Bg7 14. c3 g4 15. Nxd4
Nxe5 16. Qe2 Nc4 17. Be3 Nxe3 18. fxe3 Nf6 19. e4 Nxe4 20. Nxe4 Bxd4+ 21. Kh1
dxe4 22. cxd4 f5 23. d5 Ke7 24. dxe6 Kxe6 25. Qc4+ Kf6 26. Qxe4 Qb5 27. Qxg4
Rhg8 28. Qh4+ Kg6 29. Rf3 Rae8 30. Rbf1 Qxb2 31. Rh3 Qf6 32. Qxh6+ Kf7 33. Qh7+
Ke6 34. Rh6 1-0

[Event "Mercredi 2014.02.19"]
[Site "Montreal CAN"]
[Date "2014.03.19"]
[Round "5"]
[White "Rondon, Luciano"]
[Black "Boudreau, Daniel"]
[Result "0-1"]
[WhiteElo "1933"]
[BlackElo "2089"]
[PlyCount "64"]
[EventDate "2014.02.19"]
[EventType "tourn"]
[EventRounds "5"]
[EventCountry "CAN"]

1. d4 Nf6 2. c4 e6 3. Nc3 Bb4 4. Qc2 O-O 5. e4 d5 6. e5 Ne4 7. a3 Bxc3+ 8. bxc3
c5 9. Bd3 Qa5 10. Ne2 cxd4 11. cxd5 exd5 12. f3 f5 13. Nxd4 Nc5 14. Be2 f4 15.
Bd2 Qc7 16. O-O Nc6 17. Nxc6 bxc6 18. c4 Qxe5 19. cxd5 Qxe2 20. Rfe1 Bf5 21.
Rxe2 Bxc2 22. Bb4 Bd3 23. Re7 Nb3 24. Bc3 Rf7 25. Rae1 cxd5 26. Re8+ Rf8 27.
R8e7 d4 28. Bb4 Rf6 29. Rc7 a5 30. Be7 Re8 31. Bxf6 Rxe1+ 32. Kf2 Rf1# 0-1

[Event "Mercredi 2014.02.19"]
[Site "Montreal CAN"]
[Date "2014.03.19"]
[Round "5"]
[White "Struben, Jeroen"]
[Black "Ouellet, Maili-Jade"]
[Result "0-1"]
[WhiteElo "1691"]
[BlackElo "1682"]
[PlyCount "82"]
[EventDate "2014.02.19"]
[EventType "tourn"]
[EventRounds "5"]
[EventCountry "CAN"]

1. d4 d5 2. c4 e6 3. Nf3 c6 4. e3 Nf6 5. b3 Nbd7 6. Bb2 Bd6 7. Nbd2 O-O 8. Bd3
Ne8 9. Ne5 f5 10. O-O g5 11. f4 g4 12. h3 h5 13. hxg4 hxg4 14. Nxg4 fxg4 15.
Qxg4+ Ng7 16. Nf3 Nf6 17. Qh4 Ne4 18. Ng5 Nxg5 19. fxg5 Nf5 20. Qh5 Bg3 21. Rf3
Qd6 22. Ba3 Qxa3 23. c5 Qa5 24. Rxg3 Qc7 25. Rh3 Qg7 26. g4 Ne7 27. g6 Bd7 28.
Qg5 Rae8 29. Qh5 e5 30. dxe5 Nc8 31. Bf5 Bxf5 32. gxf5 Rxe5 33. Rf1 Ne7 34. Qg4
Rexf5 35. Rxf5 Rxf5 36. Rg3 Qf6 37. Kh2 Rf2+ 38. Kg1 Rf1+ 39. Kh2 Rf2+ 40. Kh1
Qa1+ 41. Rg1 Qh8+ 0-1

[Event "Mercredi 2014.02.19"]
[Site "Montreal CAN"]
[Date "2014.03.19"]
[Round "5"]
[White "Weston, Paul"]
[Black "Cloutier, Mathieu"]
[Result "0-1"]
[WhiteElo "1945"]
[BlackElo "2114"]
[PlyCount "70"]
[EventDate "2014.02.19"]
[EventType "tourn"]
[EventRounds "5"]
[EventCountry "CAN"]

1. d4 Nf6 2. c4 c5 3. d5 e6 4. Nc3 exd5 5. cxd5 d6 6. e4 g6 7. Bd3 Bg7 8. Nge2
a6 9. a4 O-O 10. O-O Re8 11. h3 Nbd7 12. Ng3 Ne5 13. Bc2 b6 14. f4 Neg4 15. e5
dxe5 16. hxg4 Nxg4 17. Nce2 Qh4 18. Rf3 e4 19. Re3 Qh2+ 20. Kf1 h5 21. Nxe4
Qh1+ 22. Ng1 Bd4 23. Raa3 Bf5 24. Ng3 Qh4 25. Bxf5 Nh2+ 26. Kf2 Qxf4+ 27. Nf3
gxf5 28. Qxd4 Ng4+ 29. Kg1 Qxg3 30. Rxe8+ Rxe8 31. Qd2 f4 32. Qxf4 Qf2+ 33. Kh1
Re1+ 34. Nxe1 Qxe1+ 35. Qf1 Qxf1# 0-1

[Event "Mercredi 2014.04.02 ABCD"]
[Site "Montreal CAN"]
[Date "2014.04.02"]
[Round "1"]
[White "Abdelaal, Ibrahim"]
[Black "Mireault, Sylvain"]
[Result "1-0"]
[WhiteElo "1748"]
[BlackElo "1744"]
[PlyCount "63"]
[EventDate "2014.04.02"]
[EventType "tourn"]
[EventRounds "5"]
[EventCountry "CAN"]

1. e4 c5 2. d4 cxd4 3. c3 dxc3 4. Nxc3 Nc6 5. Nf3 d6 6. Bc4 e6 7. O-O a6 8. Qe2
Qc7 9. Bf4 Nge7 10. Rac1 Ng6 11. Bg3 Be7 12. Nd5 exd5 13. exd5 O-O 14. dxc6
bxc6 15. Rfe1 Qb6 16. h3 d5 17. Bb3 a5 18. Ba4 Ba6 19. Qd1 Rac8 20. Nd4 Bb4 21.
Re3 Bc5 22. Rb3 Bb4 23. Bd6 Bc4 24. Bxf8 Bxb3 25. axb3 Kxf8 26. Nxc6 Bc5 27.
Qxd5 Bxf2+ 28. Kh1 Bg3 29. Rf1 Qc7 30. Nd8 Nf4 31. Qf3 Qc1 32. Nc6 1-0

[Event "Mercredi 2014.04.02 ABCD"]
[Site "Montreal CAN"]
[Date "2014.04.02"]
[Round "1"]
[White "Boudreau, Daniel"]
[Black "Lebeau, Gilbert"]
[Result "0-1"]
[WhiteElo "2137"]
[BlackElo "2015"]
[PlyCount "44"]
[EventDate "2014.04.02"]
[EventType "tourn"]
[EventRounds "5"]
[EventCountry "CAN"]

1. e4 e6 2. d4 d5 3. e5 c5 4. c3 Qb6 5. Nf3 Nc6 6. a3 cxd4 7. cxd4 Nh6 8. b4
Bd7 9. Bb2 Be7 10. Bd3 O-O 11. h4 f6 12. Qc2 Rac8 13. Bxh7+ Kh8 14. Qd3 Na5 15.
Nc3 Nc4 16. Bc1 fxe5 17. Bxh6 gxh6 18. Ng5 Qxd4 19. Qc2 Ne3 20. fxe3 Qxe3+ 21.
Kd1 Rxc3 22. Qd2 Ba4+ 0-1

[Event "Mercredi 2014.04.02 ABCD"]
[Site "Montreal CAN"]
[Date "2014.04.02"]
[Round "1"]
[White "Brassard, Sylvain"]
[Black "Khudaverdian, Berj"]
[Result "1/2-1/2"]
[WhiteElo "1717"]
[BlackElo "1698"]
[PlyCount "161"]
[EventDate "2014.04.02"]
[EventType "tourn"]
[EventRounds "5"]
[EventCountry "CAN"]

1. d4 Nf6 2. Bg5 Ne4 3. Bf4 d6 4. f3 Nf6 5. e4 Nbd7 6. Nh3 e5 7. Be3 Be7 8. Be2
O-O 9. O-O c6 10. Nf2 Re8 11. Nc3 b5 12. d5 cxd5 13. Nxd5 a6 14. a4 Rb8 15.
axb5 Nxd5 16. Qxd5 Nf6 17. Qb3 axb5 18. Bxb5 Bd7 19. c4 Bxb5 20. cxb5 Qd7 21.
b6 d5 22. exd5 Qxd5 23. Qd3 Qxd3 24. Nxd3 Nd5 25. Bf2 Nxb6 26. Nxe5 Bd6 27. Nd3
Nc4 28. Rfd1 Nxb2 29. Nxb2 Be5 30. Nd3 Bxa1 31. Rxa1 h6 32. Kf1 Rb3 33. Rd1 Ra3
34. Rd2 Ra1+ 35. Be1 Rd8 36. Ke2 Re8+ 37. Kf2 Rb8 38. Re2 f6 39. Nc5 Rba8 40.
Ne4 h5 41. Nd6 R8a2 42. Bc3 Rxe2+ 43. Kxe2 Ra2+ 44. Bd2 g6 45. g3 Ra1 46. h4
Ra6 47. Ne4 Kf7 48. Bc3 Ra2+ 49. Kd3 f5 50. Ng5+ Ke7 51. Kc4 Rg2 52. Be5 Rd2
53. Bf4 Rd1 54. Kc3 Kf6 55. Kc2 Rd7 56. Nh3 Ke6 57. Nf2 Kd5 58. Nd3 Re7 59. Kd2
Kd4 60. Nb4 Kc4 61. Nc6 Rd7+ 62. Ke2 Kd5 63. Nb4+ Kc4 64. Nc2 Kc3 65. Ne3 Rd2+
66. Ke1 Kd3 67. Nd5 Re2+ 68. Kf1 Rb2 69. Ne7 Rb1+ 70. Kg2 Rb2+ 71. Kh3 Rb6 72.
g4 fxg4+ 73. fxg4 Ke4 74. Bg3 Re6 75. gxh5 gxh5 76. Nc8 Kf3 77. Nd6 Rf6 78. Ne8
Rg6 79. Bh2 Ke4 80. Bg3 Kf3 81. Bh2 1/2-1/2

[Event "Mercredi 2014.04.02 ABCD"]
[Site "Montreal CAN"]
[Date "2014.04.02"]
[Round "1"]
[White "Cloutier, Mathieu"]
[Black "Jacquet, Stephane"]
[Result "1/2-1/2"]
[WhiteElo "2072"]
[BlackElo "2017"]
[PlyCount "128"]
[EventDate "2014.04.02"]
[EventType "tourn"]
[EventRounds "5"]
[EventCountry "CAN"]

1. e4 d6 2. d4 Nf6 3. Nc3 g6 4. f4 Bg7 5. Nf3 O-O 6. Bd3 Nc6 7. Be3 e5 8. dxe5
dxe5 9. f5 gxf5 10. Bg5 f4 11. Nd5 Qd6 12. Qe2 Bg4 13. O-O-O Nd4 14. Qf2 Nxd5
15. exd5 h6 16. Nxd4 exd4 17. Bxf4 Qxd5 18. c4 Qc6 19. Rde1 b5 20. Qg3 bxc4 21.
Be4 Qb6 22. Qxg4 Rab8 23. Be5 Qxb2+ 24. Kd1 f6 25. Qg6 Qa1+ 26. Ke2 Rb2+ 27.
Kf3 fxe5+ 28. Kg3 Rxg2+ 29. Bxg2 Qc3+ 30. Kh4 Rf4+ 31. Kh5 Qd2 32. Rxe5 Rh4+
33. Kxh4 Qf4+ 34. Kh3 Qxe5 35. Rf1 Qe3+ 36. Rf3 Qe5 37. Rg3 d3 38. Bd5+ Kh8 39.
Qxg7+ Qxg7 40. Rxg7 Kxg7 41. Bxc4 d2 42. Be2 Kf6 43. Kg4 Ke5 44. Kh5 Kf4 45.
Kxh6 Ke3 46. Bd1 c5 47. h4 c4 48. Kg6 Kd3 49. h5 c3 50. h6 c2 51. Bxc2+ Kxc2
52. h7 d1=Q 53. h8=Q Qg4+ 54. Kf7 Qd7+ 55. Kg6 Qe6+ 56. Kg5 Qxa2 57. Qh2+ Kb3
58. Qb8+ Kc3 59. Qc7+ Kd4 60. Qf4+ Kc5 61. Qc7+ Kb4 62. Qb8+ Kc3 63. Qg3+ Kb2
64. Qe5+ Kb1 1/2-1/2

[Event "Mercredi 2014.04.02 ABCD"]
[Site "Montreal CAN"]
[Date "2014.04.02"]
[Round "1"]
[White "Dumouchel, Alain"]
[Black "Fortin-Lavoie, Patrice"]
[Result "1-0"]
[WhiteElo "1951"]
[BlackElo "1828"]
[PlyCount "68"]
[EventDate "2014.04.02"]
[EventType "tourn"]
[EventRounds "5"]
[EventCountry "CAN"]

1. e4 Nc6 2. d4 e5 3. Nf3 exd4 4. Bc4 Bb4+ 5. c3 dxc3 6. O-O Nge7 7. bxc3 Ba5
8. Ng5 d5 9. exd5 Ne5 10. Qa4+ Bd7 11. Bb5 c6 12. dxc6 bxc6 13. Be2 O-O 14. Ba3
Nd5 15. Bxf8 Qxg5 16. f4 Bb6+ 17. Kh1 Qh4 18. g3 Qh3 19. fxe5 Rxf8 20. Qe4 Re8
21. Nd2 f6 22. Bc4 Rxe5 23. Qg2 Qh5 24. Rfe1 Be6 25. Nf3 Ne3 26. Bxe6+ Rxe6 27.
Qe2 Qd5 28. Rad1 Qe4 29. Rd3 Ng4 30. Qxe4 Nf2+ 31. Kg2 Rxe4 32. Rxe4 Nxe4 33.
Nd4 Ng5 34. Nxc6 Kf7 1-0

[Event "Mercredi 2014.04.02 ABCD"]
[Site "Montreal CAN"]
[Date "2014.04.02"]
[Round "1"]
[White "Millette, Sylvain"]
[Black "Baran, Marius"]
[Result "1-0"]
[WhiteElo "1735"]
[BlackElo "1649"]
[PlyCount "102"]
[EventDate "2014.04.02"]
[EventType "tourn"]
[EventRounds "5"]
[EventCountry "CAN"]

1. Nf3 d5 2. g3 Nc6 3. d4 Nf6 4. Bg2 e6 5. O-O Be7 6. c3 O-O 7. Nbd2 b6 8. Qc2
Bb7 9. e4 dxe4 10. Nxe4 Na5 11. Nxf6+ Bxf6 12. Rd1 g6 13. Qd3 Qe7 14. b4 Nc6
15. a4 Rfd8 16. Qe3 Rd7 17. Ba3 Qd8 18. Qe2 a6 19. Ne5 Rd5 20. Nxc6 Bxc6 21. c4
Rd6 22. Bxc6 Rxc6 23. b5 axb5 24. axb5 Rd6 25. Bxd6 Rxa1 26. Rxa1 Qxd6 27. Rd1
Bxd4 28. Kg2 e5 29. f4 f6 30. fxe5 fxe5 31. Qe4 Kg7 32. Rf1 Qe6 33. Qf3 Bc5 34.
Qe4 Bd4 35. Qf3 Bc5 36. Qb7 Qd6 37. Qd5 Qxd5+ 38. cxd5 e4 39. Rc1 Bd6 40. Re1
Kf7 41. Rxe4 h5 42. Re6 Be7 43. Kf3 g5 44. Ke4 g4 45. Kf5 h4 46. Kxg4 hxg3 47.
Kxg3 Bd6+ 48. Rxd6 cxd6 49. Kf4 Kg6 50. h4 Kf6 51. h5 Kg7 1-0

[Event "Mercredi 2014.04.02 ABCD"]
[Site "Montreal CAN"]
[Date "2014.04.02"]
[Round "1"]
[White "Nardone, Raul"]
[Black "Ouellet, Maili-Jade"]
[Result "1-0"]
[WhiteElo "1885"]
[BlackElo "1879"]
[PlyCount "77"]
[EventDate "2014.04.02"]
[EventType "tourn"]
[EventRounds "5"]
[EventCountry "CAN"]

1. d4 d5 2. Nf3 c6 3. g3 Nf6 4. Bg2 e6 5. O-O Bd6 6. Nbd2 O-O 7. Re1 Ne4 8.
Nxe4 dxe4 9. Ne5 f5 10. Nc4 Bc7 11. e3 b5 12. Ne5 Qf6 13. Bd2 Bxe5 14. dxe5
Qxe5 15. Bc3 Qc7 16. f3 Rd8 17. Qe2 exf3 18. Bxf3 a5 19. b3 b4 20. Bb2 Ba6 21.
Qg2 Ra7 22. Rad1 Rf8 23. Rd2 e5 24. Red1 e4 25. Be2 Qb6 26. Qf2 Bxe2 27. Qxe2
Raf7 28. Be5 h6 29. Rd6 Re8 30. Bd4 Qc7 31. Bb2 c5 32. Qc4 Kh7 33. Qd5 g5 34.
Be5 Qe7 35. Bb2 f4 36. Rf1 Ref8 37. Re6 Qb7 38. Qd6 Rd7 39. Qxf8 1-0

[Event "Mercredi 2014.04.02 ABCD"]
[Site "Montreal CAN"]
[Date "2014.04.02"]
[Round "1"]
[White "Rondon, Luciano"]
[Black "Heredia, Jose"]
[Result "1/2-1/2"]
[WhiteElo "1921"]
[BlackElo "1856"]
[PlyCount "68"]
[EventDate "2014.04.02"]
[EventType "tourn"]
[EventRounds "5"]
[EventCountry "CAN"]

1. d4 d5 2. c4 c6 3. Nf3 Nf6 4. Nc3 e6 5. e3 Nbd7 6. Bd3 dxc4 7. Bxc4 b5 8. Bd3
Bb7 9. a3 b4 10. axb4 Bxb4 11. O-O O-O 12. e4 c5 13. e5 Bxf3 14. Qxf3 Ne8 15.
Qh3 g6 16. Ne4 Ng7 17. Bg5 Qc7 18. Nf6+ Nxf6 19. exf6 Ne8 20. Bh6 Nxf6 21. Bxf8
Kxf8 22. Qf3 Nd5 23. dxc5 Qxc5 24. Rfc1 Qe7 25. Be4 Rd8 26. Bxd5 Rxd5 27. Rd1
Rxd1+ 28. Rxd1 a5 29. g3 Kg7 30. Qe4 Qf6 31. Qd4 h5 32. h4 Qxd4 33. Rxd4 Kf6
34. Kf1 e5 1/2-1/2

[Event "Mercredi 2014.04.02 ABCD"]
[Site "Montreal CAN"]
[Date "2014.04.14"]
[Round "1"]
[White "Salazar, Andres"]
[Black "Gauthier, Luc"]
[Result "1-0"]
[WhiteElo "1774"]
[BlackElo "1796"]
[PlyCount "39"]
[EventDate "2014.04.02"]
[EventType "tourn"]
[EventRounds "5"]
[EventCountry "CAN"]

1. e4 Nf6 2. e5 Nd5 3. d4 d6 4. f4 dxe5 5. fxe5 c6 6. Nf3 Bg4 7. Be2 e6 8. O-O
Be7 9. c4 Nb6 10. b3 O-O 11. Bb2 c5 12. Nbd2 Nc6 13. Qe1 Nb4 14. Qf2 Qc7 15. a3
Na6 16. Rac1 Rad8 17. Bd3 cxd4 18. b4 Nxb4 19. axb4 Bxb4 20. Bxh7+ 1-0

[Event "Mercredi 2014.04.02 ABCD"]
[Site "Montreal CAN"]
[Date "2014.04.02"]
[Round "1"]
[White "Struben, Jeroen"]
[Black "O'Connor, Michael"]
[Result "0-1"]
[WhiteElo "1764"]
[BlackElo "1738"]
[PlyCount "84"]
[EventDate "2014.04.02"]
[EventType "tourn"]
[EventRounds "5"]
[EventCountry "CAN"]

1. d4 d5 2. c4 e6 3. Nf3 Nf6 4. e3 c5 5. Nc3 Nc6 6. cxd5 exd5 7. Be2 Be7 8. O-O
O-O 9. Ne5 cxd4 10. exd4 Qb6 11. Na4 Qa5 12. Nxc6 bxc6 13. Bd2 Bb4 14. Bxb4
Qxb4 15. Rc1 Bf5 16. a3 Qd6 17. Nc5 Nd7 18. Qa4 Nxc5 19. Rxc5 Bd7 20. Bd3 Rfb8
21. Qc2 g6 22. Ba6 Rb6 23. Ra5 Rab8 24. b4 Re8 25. Bd3 Rb7 26. Rc1 Qf4 27. Ba6
Rc7 28. Rd1 Bg4 29. f3 Be6 30. Qd2 Qh4 31. Rc1 Rce7 32. g3 Qf6 33. Rac5 Bd7 34.
Kf2 Re4 35. Rd1 h5 36. h4 Bg4 37. Rc3 R4e7 38. Bf1 Bd7 39. Rcc1 Qe6 40. Re1 Qd6
41. Rxe7 Rxe7 42. Re1 Be6 {...} 0-1

[Event "Mercredi 2014.04.02 ABCD"]
[Site "Montreal CAN"]
[Date "2014.04.02"]
[Round "1"]
[White "Tremblay, Alain"]
[Black "Lopez Linares, Lizandro"]
[Result "1-0"]
[WhiteElo "2145"]
[BlackElo "1995"]
[PlyCount "53"]
[EventDate "2014.04.02"]
[EventType "tourn"]
[EventRounds "5"]
[EventCountry "CAN"]

1. e4 e6 2. d4 d5 3. Nc3 Nf6 4. e5 Nfd7 5. f4 c5 6. Nf3 Nc6 7. Be3 a6 8. Qd2 b5
9. dxc5 Bxc5 10. Bxc5 Nxc5 11. Bd3 Nxd3+ 12. cxd3 O-O 13. Rc1 Bd7 14. O-O f6
15. Rfe1 Qb6+ 16. Kh1 fxe5 17. Nxe5 Nxe5 18. Rxe5 b4 19. Ne2 Rac8 20. h3 Qf2
21. Rxc8 Rxc8 22. Qxb4 Be8 23. Rxe6 Bh5 24. Qd4 Qf1+ 25. Ng1 Rc1 26. Rb6 h6 27.
Rb8+ 1-0

[Event "Mercredi 2014.04.02 ABCD"]
[Site "Montreal CAN"]
[Date "2014.04.09"]
[Round "2"]
[White "Baran, Marius"]
[Black "Khudaverdian, Berj"]
[Result "0-1"]
[WhiteElo "1649"]
[BlackElo "1698"]
[PlyCount "66"]
[EventDate "2014.04.02"]
[EventType "tourn"]
[EventRounds "5"]
[EventCountry "CAN"]

1. e4 d6 2. d4 Nf6 3. Nc3 g6 4. Bc4 Bg7 5. Nf3 O-O 6. Bg5 h6 7. Bh4 Nbd7 8. O-O
a6 9. Qe2 b5 10. e5 bxc4 11. exf6 Nxf6 12. Qxc4 Rb8 13. b3 Bb7 14. Qd3 Nh5 15.
Rad1 Qd7 16. Ne2 f5 17. d5 e5 18. dxe6 Qxe6 19. Nfd4 Qf7 20. f4 Rbe8 21. c4 Re4
22. Be1 Rfe8 23. Bc3 Re3 24. Qd2 c5 25. Rf2 cxd4 26. Bxd4 Bxd4 27. Nxd4 Qe7 28.
b4 Qe4 29. b5 axb5 30. cxb5 Nxf4 31. Nc6 Ne2+ 32. Kf1 Nc3 33. Rc1 Nxb5 0-1

[Event "Mercredi 2014.04.02 ABCD"]
[Site "Montreal CAN"]
[Date "2014.04.09"]
[Round "2"]
[White "Dumouchel, Alain"]
[Black "Rondon, Luciano"]
[Result "1/2-1/2"]
[WhiteElo "1951"]
[BlackElo "1921"]
[PlyCount "83"]
[EventDate "2014.04.02"]
[EventType "tourn"]
[EventRounds "5"]
[EventCountry "CAN"]

1. e4 c5 2. Nf3 d6 3. d4 cxd4 4. Nxd4 Nf6 5. Nc3 a6 6. Rg1 e5 7. Nb3 Be6 8. g4
d5 9. g5 Nxe4 10. Nxe4 dxe4 11. Qxd8+ Kxd8 12. Bg2 Bf5 13. Be3 Kc7 14. O-O-O
Nc6 15. Rge1 h6 16. gxh6 gxh6 17. Bd2 Bg4 18. Bxe4 Bxd1 19. Bxc6 Kxc6 20. Kxd1
Bg7 21. Bc3 Rad8+ 22. Ke2 Rhg8 23. Na5+ Kc7 24. Nc4 Rde8 25. Kf1 e4 26. Bxg7
Rxg7 27. f3 f5 28. Ne3 Reg8 29. Kf2 Rf7 30. f4 Rd8 31. Re2 b5 32. a3 Rd4 33.
Ke1 Kd6 34. Rg2 Ke6 35. Rg8 Kf6 36. Ke2 Rfd7 37. Rf8+ Kg7 38. Rxf5 Rd2+ 39. Ke1
Rxh2 40. Re5 Rdd2 41. Rxe4 h5 42. Nf1 1/2-1/2

[Event "Mercredi 2014.04.02 ABCD"]
[Site "Montreal CAN"]
[Date "2014.04.09"]
[Round "2"]
[White "Fortin-Lavoie, Patrice"]
[Black "Ouellet, Maili-Jade"]
[Result "1-0"]
[WhiteElo "1828"]
[BlackElo "1879"]
[PlyCount "59"]
[EventDate "2014.04.02"]
[EventType "tourn"]
[EventRounds "5"]
[EventCountry "CAN"]

1. d4 d5 2. Bg5 c6 3. e3 Nd7 4. Nf3 Ngf6 5. Bd3 Ne4 6. Bh4 h6 7. Bxe4 dxe4 8.
Nfd2 g5 9. Bg3 Nf6 10. c4 Bf5 11. Nc3 Bg7 12. b4 a5 13. a3 O-O 14. h4 g4 15. h5
b6 16. c5 axb4 17. axb4 Nd5 18. Nxd5 Qxd5 19. O-O bxc5 20. bxc5 Rxa1 21. Qxa1
Bh7 22. Qa6 e5 23. Nc4 exd4 24. Bd6 Re8 25. Nb6 Qxh5 26. Qb7 dxe3 27. fxe3 Be5
28. Qxc6 Qh2+ 29. Kf2 Qg3+ 30. Ke2 1-0

[Event "Mercredi 2014.04.02 ABCD"]
[Site "Montreal CAN"]
[Date "2014.04.09"]
[Round "2"]
[White "Gauthier, Luc"]
[Black "Mireault, Sylvain"]
[Result "1/2-1/2"]
[WhiteElo "1796"]
[BlackElo "1744"]
[PlyCount "77"]
[EventDate "2014.04.02"]
[EventType "tourn"]
[EventRounds "5"]
[EventCountry "CAN"]

1. e4 c5 2. Nc3 Nc6 3. g3 Nf6 4. Bg2 g6 5. d3 Bg7 6. f4 d6 7. Nf3 O-O 8. O-O a6
9. h3 Bd7 10. Be3 Ne8 11. Qd2 Nc7 12. g4 Nb5 13. Nd1 Rc8 14. c3 Qa5 15. f5 Ne5
16. Bh6 Bc6 17. Bxg7 Kxg7 18. Nxe5 dxe5 19. Ne3 Qc7 20. Qf2 Nd6 21. f6+ Kg8 22.
g5 c4 23. Nxc4 Nxc4 24. dxc4 exf6 25. gxf6 Rcd8 26. Qe3 Kh8 27. Qh6 Rg8 28. Qe3
Qd6 29. Rad1 Qe6 30. Rxd8 Rxd8 31. Qh6 Rg8 32. Qg5 Qd6 33. b3 Re8 34. Qh6 Rg8
35. Qe3 Rd8 36. Qh6 Rg8 37. Qe3 Rd8 38. Qh6 Rg8 39. Qe3 1/2-1/2

[Event "Mercredi 2014.04.02 ABCD"]
[Site "Montreal CAN"]
[Date "2014.04.09"]
[Round "2"]
[White "Heredia, Jose"]
[Black "Nardone, Raul"]
[Result "1/2-1/2"]
[WhiteElo "1856"]
[BlackElo "1885"]
[PlyCount "82"]
[EventDate "2014.04.02"]
[EventType "tourn"]
[EventRounds "5"]
[EventCountry "CAN"]

1. d4 d5 2. c4 e6 3. Nf3 c6 4. e3 f5 5. b3 Nf6 6. Bd3 Bd6 7. O-O Qe7 8. Ne5 O-O
9. Bb2 Bd7 10. Nd2 Be8 11. f3 Nbd7 12. Kh1 Kh8 13. Qe2 a5 14. Nxd7 Bxd7 15. c5
Bc7 16. f4 Be8 17. a3 Bh5 18. Qe1 Ne4 19. Nf3 Bxf3 20. gxf3 Nf6 21. Qh4 Qf7 22.
b4 Bd8 23. Qg3 Bc7 24. Bc3 Nh5 25. Qh4 Bd8 26. Qf2 Nf6 27. Rg1 Qh5 28. Rg5 Qh6
29. Rg2 axb4 30. axb4 Rxa1+ 31. Bxa1 Nd7 32. b5 Bf6 33. Qa2 Qh5 34. bxc6 bxc6
35. Be2 Rb8 36. Qa7 Qe8 37. Bc3 Ra8 38. Qc7 Nxc5 39. Bb4 Na6 40. Bxa6 Rxa6 41.
Bc3 Ra8 1/2-1/2

[Event "Mercredi 2014.04.02 ABCD"]
[Site "Montreal CAN"]
[Date "2014.04.09"]
[Round "2"]
[White "Lebeau, Gilbert"]
[Black "Cloutier, Mathieu"]
[Result "1-0"]
[WhiteElo "2015"]
[BlackElo "2072"]
[PlyCount "59"]
[EventDate "2014.04.02"]
[EventType "tourn"]
[EventRounds "5"]
[EventCountry "CAN"]

1. d4 Nf6 2. c4 c5 3. d5 e6 4. Nc3 exd5 5. cxd5 d6 6. e4 g6 7. Bd3 Bg7 8. h3 a6
9. a4 Nfd7 10. Nf3 Ne5 11. Nxe5 Bxe5 12. O-O Qh4 13. f4 Bd4+ 14. Kh2 Nd7 15.
Qe1 Qh6 16. Be3 Ne5 17. fxe5 Bxe3 18. Qg3 Bd4 19. exd6 Qg7 20. Kh1 O-O 21. Rae1
Be5 22. Qe3 Bxd6 23. e5 Re8 24. Ne4 Qxe5 25. Nf6+ Kh8 26. Qg1 Qg3 27. Rxe8+ Kg7
28. Rg8+ Kh6 29. Rf3 Qh4 30. Rh8 1-0